Introducción a la historia universal: Al-Muqaddimah

Gorde:
Xehetasun bibliografikoak
Egile nagusia: Jaldún, Ibn (Egilea)
Formatua: Liburua
Hizkuntza:gaztelania
Argitaratua: Ciudad de México Fondo de Cultura Económica 1977
Edizioa:1a. ed
Saila:Obras de Historia
Gaiak:
Etiketak: Etiketa erantsi
Etiketarik gabe, Izan zaitez lehena erregistro honi etiketa jartzen!

MARC

LEADER 00000cam a2200000 a 4500
001 UCP8588
003 CL-VaPUC
008 000303e19770000MX |||||||||||||||||spa|d
020 |a 9789681626457 
082 0 4 |a 907.2  |b JAL  |2 21 
100 0 |a Jaldún, Ibn  |e author  |9 438644 
245 1 0 |a Introducción a la historia universal: Al-Muqaddimah 
250 |a 1a. ed 
300 |a 1165 p 
942 |c BK 
945 |d 20000303 00:00:00  |a rherrera 
260 |a Ciudad de México  |b Fondo de Cultura Económica  |c 1977 
650 0 |a Historiografía   |9 257871 
650 0 |a Filosofía de la historia  |9 265651 
650 0 |a Historia universal  |9 266877 
650 0 |a Autobiografías   |9 265171 
650 7 |a SOCIEDAD HUMANA  |2 CL-VaPUC  |9 394445 
650 0 |a Civilizaciones  |9 267192 
583 |a last modification  |c 20131213 03:02:06  |k Rodrigo Vera 
490 0 |a Obras de Historia 
999 |c 285480  |d 285478 
952 |0 0  |1 0  |4 0  |6 907_200000000000000_JAL_1977  |7 0  |8 A  |9 330126  |a BIBHIS  |b BIBHIS  |d 2019-11-20  |i 1393030  |l 3  |o 907.2 JAL 1977  |p 1393030  |r 2025-01-20  |s 2021-08-10  |w 2019-11-20  |y BK  |k HIS 
952 |0 0  |1 0  |4 0  |6 907_200000000000000_JAL_1977  |7 0  |8 A  |9 330127  |a BIBHIS  |b BIBHIS  |d 2019-11-20  |i 1393049  |o 907.2 JAL 1977  |p 1393049  |r 2025-01-20  |w 2019-11-20  |y BK  |k HIS 
952 |0 0  |1 0  |4 0  |6 907_200000000000000_JAL_1977  |7 0  |8 A  |9 330128  |a BIBHIS  |b BIBHIS  |d 2019-11-20  |i 3889254  |o 907.2 JAL 1977  |p 3889254  |r 2025-01-20  |w 2019-11-20  |y BK  |k HIS 
952 |0 0  |1 0  |3 erb  |4 0  |6 907_200000000000000_JAL_1977  |7 0  |8 A  |9 330129  |a BIBGIM  |b BIBGIM  |i 5033357  |o 907.2 JAL 1977  |p 5033357  |r 2025-01-15  |w 2019-11-20  |y BK  |z Catalogado en:20131213  |k ARA